[Event "Berlin-ch"]
[Site "Berlin"]
[Date "2023.04.08"]
[Round "1"]
[White "Glantz, Robert"]
[Black "Meyer Dunker, Paul"]
[Result "1-0"]
[WhiteElo "2360"]
[BlackElo "2113"]
[PlyCount "113"]
[EventDate "2023.04.08"]
[EventType "swiss"]
[EventRounds "9"]
[EventCountry "GER"]
[SourceTitle "CBM 213 Extra"]
[Source "ChessBase"]
[SourceDate "2023.05.31"]
[SourceVersion "1"]
[SourceVersionDate "2023.05.31"]
[SourceQuality "1"]

1. d4 d5 2. Nf3 Nf6 3. Bf4 e6 4. e3 c5 5. Nbd2 cxd4 6. exd4 Nc6 7. c3 Nh5 8. Be3 Bd6 9. Ne5 g6 10. Nd3 f5 11. f4 Nf6 12. Be2 0-0 13. 0-0 Bd7 14. a4 a5 15. Qe1 Kg7 16. Qg3 Qe8 17. Ne5 Na7 18. Bd1 b5 19. axb5 Nxb5 20. Re1 Bc7 21. Ra2 Nd6 22. Bc2 Qe7 23. Qh4 Rfc8 24. Bf2 Bd8 25. Nb3 Qe8 26. Nc5 Nfe4 27. Qh3 Nxc5 28. dxc5 Ne4 29. Bd4 Bf6 30. Rea1 Bb5 31. Qe3 Qd8 32. g4 Kg8 33. Bxe4 dxe4 34. g5 Bxe5 35. Bxe5 Qd3 36. Qxd3 exd3 37. b4 a4 38. Kf2 Bc4 39. Ra3 Bb3 40. Ke3 Bc2 41. Bd6 Ra7 42. b5 Rd7 43. Kd2 Kf7 44. Rxa4 Bxa4 45. Rxa4 Ke8 46. Rd4 Rb7 47. c4 Ra7 48. Rxd3 Ra2+ 49. Ke3 Rxh2 50. c6 Rd8 51. c7 Rh3+ 52. Ke2 Rh2+ 53. Kd1 Ra8 54. Ba3 Rh1+ 55. Kc2 Rxa3 56. c8Q+ Ke7 57. Rd7# 1-0

[Event "GER-ch Net blitz qual4"]
[Site "Playchess.com INT"]
[Date "2021.05.10"]
[Round "4"]
[White "Meyer Dunker, Paul"]
[Black "Oberling, Mario"]
[Result "0-1"]
[WhiteElo "1919"]
[BlackElo "1640"]
[PlyCount "94"]
[EventDate "2021.05.10"]
[EventType "swiss (blitz)"]
[EventRounds "11"]
[EventCountry "GER"]
[SourceTitle "CBM 202 Extra"]
[Source "ChessBase"]
[SourceDate "2021.07.31"]
[SourceVersion "1"]
[SourceVersionDate "2021.07.31"]
[SourceQuality "1"]

1. e4 Nf6 2. e5 Nd5 3. d4 d6 4. exd6 exd6 5. Bd3 Be7 6. Nc3 Nb4 7. Be4 d5 8. Bd3 Nxd3+ 9. Qxd3 0-0 10. Nf3 Re8 11. 0-0 c6 12. Bf4 Bd6 13. Bxd6 Qxd6 14. Rae1 Rxe1 15. Rxe1 Bd7 16. Ne5 Be6 17. Ne2 Nd7 18. f4 g6 19. c3 c5 20. Nxd7 Bxd7 21. dxc5 Qxc5+ 22. Nd4 Re8 23. Rxe8+ Bxe8 24. Qe2 Bc6 25. f5 gxf5 26. Qe5 Bd7 27. h3 Be6 28. Kh2 Qc8 29. Qf6 a6 30. Nf3 Qc7+ 31. Kh1 Qg3 32. Qg5+ Qxg5 33. Nxg5 h6 34. Nf3 Kg7 35. Kh2 Kf6 36. Kg3 b5 37. Kf4 Ke7 38. Ke5 f6+ 39. Kf4 Kd6 40. Nd4 Bd7 41. h4 a5 42. a3 Kc5 43. b3 b4 44. axb4+ axb4 45. Ne2 Bb5 46. cxb4+ Kxb4 47. Nd4 Bd3 0-1

[Event "GER-chT Online Liga 1 GpD"]
[Site "Playchess.com INT"]
[Date "2021.03.18"]
[Round "6.2"]
[White "Noetzel, Felix"]
[Black "Meyer Dunker, Paul"]
[Result "0-1"]
[WhiteElo "2263"]
[BlackElo "2112"]
[PlyCount "62"]
[EventDate "2021.01.18"]
[EventType "team-tourn (rapid)"]
[EventRounds "7"]
[EventCountry "GER"]
[SourceTitle "EXT 2022"]
[Source "ChessBase"]
[SourceDate "2021.10.06"]
[SourceVersion "1"]
[SourceVersionDate "2021.10.06"]
[SourceQuality "1"]
[WhiteTeam "Berlin SF"]
[BlackTeam "Eppendorf Johanneum"]
[WhiteTeamCountry "GER"]
[BlackTeamCountry "GER"]

1. c4 e6 2. Nf3 d5 3. g3 dxc4 4. Qa4+ Nd7 5. Bg2 Ngf6 6. Qxc4 a6 7. Qc2 c5 8. 0-0 b5 9. d3 Bb7 10. a4 Qb6 11. Nc3 Be7 12. axb5 axb5 13. Rxa8+ Bxa8 14. h3 0-0 15. e4 Rd8 16. Be3 Qa5 17. Qb3 Bc6 18. Rc1 Qa8 19. Ne2 c4 20. dxc4 Bxe4 21. Ne1 Bxg2 22. Nxg2 bxc4 23. Qxc4 Ne5 24. Qc2 Nf3+ 25. Kh1 Nd5 26. Qe4 Ng5 27. Bxg5 Bxg5 28. Rd1 Bf6 29. b3 Qa2 30. Rd3 h6 31. Ne3 Qxe2 0-1

[Event "GER Cup final"]
[Site "Magdeburg"]
[Date "2020.08.20"]
[Round "1"]
[White "Meyer Dunker, Paul"]
[Black "Rust Lux, Klaus"]
[Result "1-0"]
[WhiteElo "2105"]
[BlackElo "2086"]
[PlyCount "99"]
[EventDate "2020.08.20"]
[EventType "swiss"]
[EventRounds "5"]
[EventCountry "GER"]
[SourceTitle "EXT 2022"]
[Source "ChessBase"]
[SourceDate "2021.10.06"]
[SourceVersion "1"]
[SourceVersionDate "2021.10.06"]
[SourceQuality "1"]

1. e4 d6 2. d4 Nf6 3. Nc3 g6 4. f3 c6 5. Be3 Nbd7 6. Qd2 b5 7. g4 b4 8. Nce2 Rb8 9. Ng3 h5 10. g5 Nh7 11. h4 Bg7 12. f4 Qc7 13. f5 c5 14. N1e2 cxd4 15. Nxd4 Ne5 16. fxg6 fxg6 17. Bb5+ Rxb5 18. Nxb5 Nf3+ 19. Kf2 Qd7 20. Kxf3 Be5 21. Bf2 Qxb5 22. Kg2 Rf8 23. a4 Qd7 24. Qxb4 Qg4 25. Ra3 Nxg5 26. Qb5+ Kf7 27. Qe2 Qxe2 28. Nxe2 Nxe4 29. Bd4 Ke6 30. Rf1 Rxf1 31. Kxf1 Ba6 32. Bxe5 Kxe5 33. Re3 d5 34. c3 Kf5 35. Kg2 e5 36. Ng3+ Kf4 37. Rf3+ Kg4 38. Nxe4 dxe4 39. Rg3+ Kf5 40. b3 Bd3 41. c4 Kf4 42. Kf2 e3+ 43. Rxe3 Bf5 44. b4 e4 45. c5 Ke5 46. Kg3 Kd4 47. Kf4 Kd5 48. Re1 a5 49. bxa5 Kxc5 50. Rxe4 1-0

[Event "GER-ch Net blitz qual5"]
[Site "Playchess.com INT"]
[Date "2020.03.28"]
[Round "11"]
[White "Bashylina, Luisa"]
[Black "Meyer Dunker, Paul"]
[Result "0-1"]
[WhiteElo "1975"]
[BlackElo "2105"]
[PlyCount "58"]
[EventDate "2020.03.28"]
[EventType "swiss (blitz)"]
[EventRounds "13"]
[EventCountry "GER"]
[SourceTitle "CBM 195 Extra"]
[Source "ChessBase"]
[SourceDate "2020.05.31"]
[SourceVersion "1"]
[SourceVersionDate "2020.05.31"]
[SourceQuality "1"]

1. e4 e5 2. Nf3 Nc6 3. d4 exd4 4. Nxd4 Bb4+ 5. c3 Bc5 6. Be3 Bb6 7. Bc4 Nf6 8. Nd2 0-0 9. 0-0 Nxd4 10. cxd4 d5 11. Bd3 dxe4 12. Nxe4 Bxd4 13. Nxf6+ Bxf6 14. Qc2 g6 15. Rad1 Bd7 16. f4 c6 17. f5 Re8 18. Bc5 g5 19. Bc4 Qc7 20. Qb3 Bc8 21. Kh1 b5 22. Bd6 bxc4 23. Qxc4 Qb6 24. b4 Ba6 25. Qg4 Bxf1 26. h4 Qf2 27. hxg5 Qxg2+ 28. Qxg2 Bxg2+ 29. Kxg2 Bxg5 0-1

[Event "GER-ch Net blitz qual5"]
[Site "Playchess.com INT"]
[Date "2020.03.28"]
[Round "2"]
[White "Meyer Dunker, Paul"]
[Black "Carow, Johannes"]
[Result "0-1"]
[WhiteElo "2105"]
[BlackElo "2444"]
[PlyCount "48"]
[EventDate "2020.03.28"]
[EventType "swiss (blitz)"]
[EventRounds "13"]
[EventCountry "GER"]
[SourceTitle "CBM 195 Extra"]
[Source "ChessBase"]
[SourceDate "2020.05.31"]
[SourceVersion "1"]
[SourceVersionDate "2020.05.31"]
[SourceQuality "1"]

1. e4 c5 2. Nf3 Nc6 3. Bb5 g6 4. 0-0 Bg7 5. c3 Nf6 6. d4 cxd4 7. cxd4 Nxe4 8. d5 Nd6 9. Ba4 b5 10. Bb3 Na5 11. Nc3 b4 12. Ne2 0-0 13. Ned4 e5 14. dxe6 dxe6 15. Bg5 Qd7 16. Ba4 Qb7 17. Nxe6 Bxe6 18. Qxd6 Nc4 19. Qf4 Nxb2 20. Bc2 Rac8 21. Be4 Bd5 22. Bxd5 Qxd5 23. Bf6 Rc4 24. Qh4 Rxh4 0-1

[Event "GER-ch Net blitz qual5"]
[Site "Playchess.com INT"]
[Date "2020.03.28"]
[Round "7"]
[White "Perestjuk, Marko"]
[Black "Meyer Dunker, Paul"]
[Result "0-1"]
[WhiteElo "2126"]
[BlackElo "2105"]
[PlyCount "144"]
[EventDate "2020.03.28"]
[EventType "swiss (blitz)"]
[EventRounds "13"]
[EventCountry "GER"]
[SourceTitle "CBM 195 Extra"]
[Source "ChessBase"]
[SourceDate "2020.05.31"]
[SourceVersion "1"]
[SourceVersionDate "2020.05.31"]
[SourceQuality "1"]

1. c4 e6 2. g3 d5 3. Bg2 dxc4 4. Qa4+ Nd7 5. Qxc4 Ngf6 6. Nf3 a6 7. 0-0 b5 8. Qc2 Bb7 9. a4 c5 10. d3 Be7 11. Bf4 0-0 12. Nbd2 Nd5 13. Kh1 Nxf4 14. gxf4 Qc7 15. e3 Rfd8 16. Rg1 Nf6 17. Ne5 Bxg2+ 18. Rxg2 Bf8 19. Rag1 Qb7 20. Ndf3 h6 21. h3 bxa4 22. Kh2 Rab8 23. Qxa4 Rdc8 24. Qc4 Qa7 25. f5 exf5 26. Nh4 Rb4 27. Nxf5 Rxc4 28. Rxg7+ Bxg7 29. Rxg7+ Kf8 30. dxc4 Qc7 31. f4 Re8 32. Ng6+ fxg6 33. Rxc7 gxf5 34. Rc6 Kf7 35. Rxc5 Kg6 36. Rc6 Rxe3 37. Rxa6 Rb3 38. c5 Rxb2+ 39. Kg3 Rb3+ 40. Kh4 Rf3 41. c6 Rxf4+ 42. Kg3 Rc4 43. Kf3 Kf7 44. Ra7+ Ke6 45. c7 Ne8 46. Ra6+ Nd6 47. Ra7 Kd7 48. c8Q+ Kxc8 49. Rh7 Rh4 50. Kg3 Rh5 51. h4 Kd8 52. Ra7 Ke8 53. Ra6 Ke7 54. Ra7+ Ke6 55. Ra6 Ke5 56. Ra5+ Ke6 57. Ra6 f4+ 58. Kg4 Rf5 59. Kf3 h5 60. Ra8 Nf7 61. Re8+ Kf6 62. Ra8 Ne5+ 63. Kf2 f3 64. Rf8+ Kg6 65. Rg8+ Kf7 66. Rh8 Ng4+ 67. Kf1 f2 68. Rh7+ Kg6 69. Re7 Nh2+ 70. Kg2 f1Q+ 71. Kxh2 Rf2+ 72. Kg3 Qg2# 0-1

[Event "GER-ch Net blitz qual4"]
[Site "Playchess.com INT"]
[Date "2020.03.23"]
[Round "6"]
[White "Meyer Dunker, Paul"]
[Black "Stork, Oliver"]
[Result "0-1"]
[WhiteElo "2105"]
[BlackElo "2367"]
[PlyCount "86"]
[EventDate "2020.03.23"]
[EventType "swiss (blitz)"]
[EventRounds "9"]
[EventCountry "GER"]
[SourceTitle "CBM 195 Extra"]
[Source "ChessBase"]
[SourceDate "2020.05.31"]
[SourceVersion "1"]
[SourceVersionDate "2020.05.31"]
[SourceQuality "1"]

1. e4 c5 2. Nf3 a6 3. d4 cxd4 4. Nxd4 Nf6 5. Nc3 e5 6. Nb3 Bb4 7. Bd3 d5 8. exd5 Qxd5 9. 0-0 Bxc3 10. bxc3 0-0 11. Be2 Rd8 12. Qxd5 Nxd5 13. Bb2 Nc6 14. Rad1 Bf5 15. Rd2 Nf4 16. Bf3 Rxd2 17. Nxd2 Bxc2 18. Nc4 Bd3 19. Bxc6 bxc6 20. Nxe5 Bxf1 21. Kxf1 Rb8 22. Nc4 Rd8 23. Ne3 Rd2 24. Bc1 Rxa2 25. Nd1 Ra1 26. Bxf4 Rxd1+ 27. Ke2 Rd7 28. Be3 Kf8 29. Bc5+ Ke8 30. f4 a5 31. g4 a4 32. h4 Rd5 33. Ba3 Kd7 34. f5 g6 35. fxg6 fxg6 36. Bc1 Ke6 37. Ba3 Ke5 38. Bc1 Ke4 39. Ba3 Rb5 40. h5 Rb3 41. Bb4 Rxb4 42. hxg6 Rb2+ 43. Kd1 hxg6 0-1

[Event "GER-ch Net blitz qual4"]
[Site "Playchess.com INT"]
[Date "2020.03.23"]
[Round "9"]
[White "Spieker, Hans Joachim"]
[Black "Meyer Dunker, Paul"]
[Result "0-1"]
[WhiteElo "1829"]
[BlackElo "2105"]
[PlyCount "136"]
[EventDate "2020.03.23"]
[EventType "swiss (blitz)"]
[EventRounds "9"]
[EventCountry "GER"]
[SourceTitle "CBM 195 Extra"]
[Source "ChessBase"]
[SourceDate "2020.05.31"]
[SourceVersion "1"]
[SourceVersionDate "2020.05.31"]
[SourceQuality "1"]

1. Nf3 d5 2. c4 dxc4 3. Na3 a6 4. Nxc4 b5 5. Nce5 Bb7 6. g3 Nf6 7. Bg2 e6 8. 0-0 c5 9. a3 Nbd7 10. Nxd7 Qxd7 11. Ne5 Qc7 12. Nf3 Be7 13. d3 0-0 14. Bf4 Bd6 15. Bxd6 Qxd6 16. Rc1 Rac8 17. Qb3 Rfd8 18. Rfd1 Bd5 19. Qc2 Qb8 20. Qd2 Qb7 21. Ne1 Bxg2 22. Nxg2 c4 23. Qg5 cxd3 24. Rxc8 Qxc8 25. exd3 h6 26. Qd2 Qc5 27. Qe3 Qd4 28. Qxd4 Rxd4 29. Ne3 Kf8 30. Kf1 Ke7 31. Ke2 Kd6 32. Rc1 Kd7 33. Rc5 Rd6 34. h3 Rc6 35. Rc3 a5 36. Nc2 Nd5 37. Rxc6 Kxc6 38. Kd2 Kc5 39. d4+ Kc4 40. Ne3+ Kxd4 41. Nc2+ Kc4 42. h4 a4 43. g4 e5 44. g5 hxg5 45. hxg5 f6 46. gxf6 gxf6 47. Ne1 e4 48. Kc2 f5 49. Ng2 f4 50. Ne1 e3 51. fxe3 fxe3 52. Nd3 b4 53. Ne5+ Kd4 54. Nc6+ Ke4 55. axb4 Kf3 56. Nd4+ Kf2 57. Kd3 Nxb4+ 58. Kc4 Nc6 59. Nc2 e2 60. Kb5 Nd4+ 61. Nxd4 e1Q 62. Kxa4 Qe4 63. b4 Qxd4 64. Ka5 Qd8+ 65. Ka6 Qb8 66. b5 Ke3 67. b6 Kd4 68. b7 Kc5 0-1

[Event "Berlin Lichtenberger op 18th"]
[Site "Berlin"]
[Date "2019.08.19"]
[Round "3"]
[White "Barseghyan, Armen Ar"]
[Black "Meyer Dunker, Paul"]
[Result "1-0"]
[WhiteElo "2313"]
[BlackElo "2064"]
[PlyCount "73"]
[EventDate "2019.08.17"]
[EventType "swiss"]
[EventRounds "9"]
[EventCountry "GER"]
[SourceTitle "EXT 2020"]
[Source "ChessBase"]
[SourceDate "2019.10.17"]
[SourceVersion "1"]
[SourceVersionDate "2019.10.17"]
[SourceQuality "1"]

1. e4 e5 2. Nf3 Nc6 3. d4 exd4 4. Nxd4 Bc5 5. Nb3 Bb6 6. Nc3 Nf6 7. Qe2 0-0 8. Bg5 h6 9. Bh4 a5 10. a4 Nd4 11. Qd3 Nxb3 12. cxb3 c6 13. 0-0-0 d5 14. Qc2 Be6 15. exd5 cxd5 16. Nxd5 Bxd5 17. Bxf6 Qxf6 18. Rxd5 Rfd8 19. Rf5 Qg6 20. g3 Rd7 21. Bc4 Rad8 22. Re1 Bd4 23. Rf3 Qg5+ 24. Kb1 Bf6 25. Rd3 g6 26. f4 Qf5 27. g4 Qxg4 28. Rg3 Rd1+ 29. Ka2 Qxg3 30. hxg3 Rxe1 31. Qxg6+ Bg7 32. f5 Kh8 33. Qxf7 Rf8 34. Qxb7 Rg1 35. Qf3 Bf6 36. Bd5 Rc8 37. Qe3 1-0

[Event "Berlin Lichtenberger op 18th"]
[Site "Berlin"]
[Date "2019.08.17"]
[Round "1"]
[White "Dittrich, Hans Georg"]
[Black "Meyer Dunker, Paul"]
[Result "0-1"]
[WhiteElo "1722"]
[BlackElo "2064"]
[PlyCount "26"]
[EventDate "2019.08.17"]
[EventType "swiss"]
[EventRounds "9"]
[EventCountry "GER"]
[SourceTitle "EXT 2020"]
[Source "ChessBase"]
[SourceDate "2019.10.17"]
[SourceVersion "1"]
[SourceVersionDate "2019.10.17"]
[SourceQuality "1"]

1. e4 e5 2. f4 Nc6 3. Nc3 Bb4 4. Nf3 d6 5. Bc4 Nf6 6. 0-0 0-0 7. d3 Bg4 8. h3 Bxf3 9. Qxf3 Nd4 10. Qd1 c6 11. a3 Bc5 12. Na4 Ne2+ 13. Kh2 Ng4+ 0-1

[Event "Berlin-ch MT"]
[Site "Berlin"]
[Date "2019.04.26"]
[Round "7"]
[White "Heerde, Thomas"]
[Black "Meyer Dunker, Paul"]
[Result "0-1"]
[WhiteElo "2027"]
[BlackElo "2030"]
[PlyCount "116"]
[EventDate "2019.04.20"]
[EventType "swiss"]
[EventRounds "9"]
[EventCountry "GER"]
[SourceTitle "EXT 2020"]
[Source "ChessBase"]
[SourceDate "2019.10.17"]
[SourceVersion "1"]
[SourceVersionDate "2019.10.17"]
[SourceQuality "1"]

1. Nf3 d5 2. g3 Nf6 3. Bg2 c5 4. c4 dxc4 5. Na3 a6 6. Nxc4 e6 7. a4 Nc6 8. 0-0 Rb8 9. d3 Bd6 10. a5 Bc7 11. Be3 Qe7 12. Rc1 Nd5 13. Bg5 f6 14. Bd2 0-0 15. Qb3 Kh8 16. Qa3 Rd8 17. Nb6 Nxb6 18. axb6 Bxb6 19. Be3 Nb4 20. Nd2 Ba7 21. Nb3 b6 22. d4 Nd5 23. Bxd5 exd5 24. dxc5 bxc5 25. Nxc5 Bh3 26. Rfe1 Rbc8 27. b4 d4 28. Bf4 Bxc5 29. bxc5 Qb7 30. Qf3 Qxf3 31. exf3 Bd7 32. Bd6 Bb5 33. Rcd1 d3 34. Re3 Re8 35. Kf1 Kg8 36. Ke1 Kf7 37. Kd2 Re6 38. Rb1 h5 39. h4 Rxd6 40. cxd6 Rc2+ 41. Ke1 d2+ 42. Kd1 Ba4 43. Rb7+ Rc7+ 44. Rbb3 Rb7 45. Kxd2 Rxb3 46. Re7+ Kf8 47. Ra7 Bb5 48. Ra8+ Kf7 49. Ra7+ Kg6 50. Kc2 Rxf3 51. Rb7 Rxf2+ 52. Kc3 Rf3+ 53. Kb4 Rxg3 54. Kc5 Rc3+ 55. Kd4 Rc4+ 56. Kd5 Rxh4 57. Kc5 Rc4+ 58. Kd5 Rc1 0-1

[Event "Berlin-ch MT"]
[Site "Berlin"]
[Date "2019.04.21"]
[Round "2"]
[White "Florstedt, Johannes"]
[Black "Meyer Dunker, Paul"]
[Result "1-0"]
[WhiteElo "2322"]
[BlackElo "2030"]
[PlyCount "55"]
[EventDate "2019.04.20"]
[EventType "swiss"]
[EventRounds "9"]
[EventCountry "GER"]
[SourceTitle "EXT 2020"]
[Source "ChessBase"]
[SourceDate "2019.10.17"]
[SourceVersion "1"]
[SourceVersionDate "2019.10.17"]
[SourceQuality "1"]

1. e4 e5 2. Nf3 Nc6 3. d4 exd4 4. Nxd4 Bc5 5. Nxc6 Qf6 6. Qf3 Qxf3 7. gxf3 bxc6 8. Nd2 g6 9. Nb3 Bf8 10. Bd2 Bg7 11. 0-0-0 d6 12. Ba5 Kd7 13. h4 Be5 14. Nc5+ Kd8 15. Nd3 Bg7 16. Nb4 c5 17. Nd5 Kd7 18. Nxc7 Rb8 19. Bb5+ Ke7 20. Nd5+ Ke6 21. Nf4+ Ke7 22. Nd5+ Ke6 23. a4 Bd7 24. Nf4+ Ke7 25. Bc7 Rb7 26. Bxd6+ Ke8 27. Bxd7+ Kxd7 28. Be5+ 1-0

[Event "Berlin Cup KO"]
[Site "Berlin"]
[Date "2018.09.27"]
[Round "5.1"]
[White "Meyer Dunker, Paul"]
[Black "Gressmann, Moritz"]
[Result "1-0"]
[WhiteElo "2053"]
[BlackElo "2103"]
[PlyCount "87"]
[EventDate "2018.08.30"]
[EventType "k.o."]
[EventRounds "5"]
[EventCountry "GER"]
[SourceTitle "EXT 2022"]
[Source "ChessBase"]
[SourceDate "2021.10.06"]
[SourceVersion "1"]
[SourceVersionDate "2021.10.06"]
[SourceQuality "1"]

1. e4 e5 2. Nf3 Nc6 3. Bc4 Bc5 4. b4 Bxb4 5. c3 Bc5 6. d4 exd4 7. 0-0 d3 8. Ng5 Nh6 9. Nxf7 Nxf7 10. Bxf7+ Kxf7 11. Qh5+ g6 12. Qd5+ Ke8 13. Qxc5 d6 14. Qd5 Qf6 15. f4 Be6 16. Qxd3 a6 17. Be3 Rd8 18. Nd2 d5 19. Rab1 d4 20. cxd4 Nxd4 21. Bxd4 Qxd4+ 22. Qxd4 Rxd4 23. Nf3 Rxe4 24. Rxb7 Kd7 25. Ne5+ Kc8 26. Ra7 Bd5 27. Rc1 Bb7 28. Nf7 Kb8 29. Rxb7+ Kxb7 30. Nxh8 Re8 31. Nf7 Rf8 32. Ng5 Rxf4 33. Nxh7 Kb6 34. Ng5 Rf5 35. Ne6 c5 36. Nxc5 Rxc5 37. Rxc5 Kxc5 38. h4 Kd4 39. Kf2 Ke4 40. Kg3 Kf5 41. Kf3 a5 42. a4 Ke5 43. g4 Kf6 44. Ke4 1-0